000 01443nam0a2200313 4500
001 RU\NLR\bibl\143771
005 20260406132702.0
010 _a5-7107-3219-2
_910000
021 _aRU
_b2000-33576
_91565
035 _a(NLR Aleph) 000140849
090 _a806245
_c806245
100 _a20010328d2000 |||y0rusy50 ca
101 0 _arus
102 _aRU
105 _aa |||||||||
200 1 _aГеография материков и океанов
_e7 кл.
_eМетод. пособие
_fВ.А. Коринская, И.В. Душина,В.А. Щенев
210 _aМ.
_cДрофа
_d2000
215 _a126, [1] c.
_cил.
_d20
606 0 _aФизическая география
_xМетодика преподавания
_xСредняя школа
_91359429
_3RU\NLR\auth\66254143
606 0 _aФизическая география
_xПреподавание
_xСредняя школа
_92143037
_3RU\NLR\auth\661291431
686 _aЧ426.431-215
700 1 _4070
_8rus
_7ca
_aКоринская
_bВ. А.
_gВалентина Александровна
_3RU\NLR\auth\771954
_9111971
701 1 _4070
_8rus
_7ca
_aДушина
_bИ. В.
_gИраида Владимировна
_3RU\NLR\auth\771953
_9111970
701 1 _4070
_8rus
_7ca
_aЩенев
_bВ. А.
_gВладимир Андреевич
_3RU\NLR\auth\771955
_9111972
801 0 _aRU
_bNLR
_c20010328
_gPSBO
801 1 _aRU
_bNLR
_c20010328
942 _cBOOK
980 _aNB